<?xml version="1.0" encoding="UTF-8"?><?xml-stylesheet type="text/xsl" href="static/style.xsl"?><OAI-PMH xmlns="http://www.openarchives.org/OAI/2.0/" xmlns:xsi="http://www.w3.org/2001/XMLSchema-instance" xsi:schemaLocation="http://www.openarchives.org/OAI/2.0/ http://www.openarchives.org/OAI/2.0/OAI-PMH.xsd"><responseDate>2026-04-17T04:09:13Z</responseDate><request verb="GetRecord" identifier="oai:www.recercat.cat:10256/24608" metadataPrefix="marc">https://recercat.cat/oai/request</request><GetRecord><record><header><identifier>oai:recercat.cat:10256/24608</identifier><datestamp>2024-06-18T12:34:03Z</datestamp><setSpec>com_2072_452955</setSpec><setSpec>com_2072_2054</setSpec><setSpec>col_2072_453072</setSpec></header><metadata><record xmlns="http://www.loc.gov/MARC21/slim" xmlns:dcterms="http://purl.org/dc/terms/" xmlns:xsi="http://www.w3.org/2001/XMLSchema-instance" xmlns:doc="http://www.lyncode.com/xoai" xsi:schemaLocation="http://www.loc.gov/MARC21/slim http://www.loc.gov/standards/marcxml/schema/MARC21slim.xsd">
   <leader>00925njm 22002777a 4500</leader>
   <datafield ind2=" " ind1=" " tag="042">
      <subfield code="a">dc</subfield>
   </datafield>
   <datafield ind2=" " ind1=" " tag="720">
      <subfield code="a">Subero Tomás, David</subfield>
      <subfield code="e">author</subfield>
   </datafield>
   <datafield ind2=" " ind1=" " tag="260">
      <subfield code="c">2023-12-14</subfield>
   </datafield>
   <datafield ind2=" " ind1=" " tag="520">
      <subfield code="a">From the challenge of building the definition of the school we want, the school in a broad sense is suggested as a context that advances towards participation, shared construction -us- and the common good. In this sense, a school of us is a school that incorporates educational practices that are sensitive to the learning scenarios of the students, especially students with the greatest need for educational support in a co-responsible way. From the framework of funds of identity and the theory of subjectivity of a historical-cultural nature and based on the idea of educational social justice, it seeks to deal with structural inequalities, power relations and the perspective of the deficit in education as a dominant discourse from holistic and comprehensive proposals. In this sense, two practical experiences are detailed that seek to recognize and give voice to pedagogies that advance towards proposals for inclusion and educational redistribution in school spaces</subfield>
   </datafield>
   <datafield ind2=" " ind1=" " tag="520">
      <subfield code="a">A partir del reto de construir la definición sobre la escuela que queremos, se sugiere la escuela en sentido amplio como un contexto que avanza hacia la participación, la construcción compartida –el nosotros– y el bien común. En este sentido, una escuela del nosotros es una escuela que incorpora prácticas educativas sensibles a los escenarios de aprendizaje del alumnado, en especial al alumnado con mayor necesidad de apoyo educativo de una forma corresponsable. Desde el marco de los fondos de identidad y la teoría de la subjetividad de corte histórico-cultural y en base a la idea de justicia social educativa se busca hacer frente a las desigualdades estructurales, las relaciones de poder y la perspectiva del déficit en educación como discurso dominante a partir de propuestas holísticas e integrales. En este sentido, se detallan dos experiencias prácticas que buscan reconocer y dar voz a pedagogías que avancen hacia propuestas de inclusión y redistribución educativa en los espacios escolares</subfield>
   </datafield>
   <datafield ind2=" " ind1=" " tag="520">
      <subfield code="a">A partir do desafio de construir a definição da escola que queremos, sugere-se a escola em sentido amplo como um contexto que avança para a participação, a construção compartilhada –nós– e o bem comum. Nesse sentido, uma escola de nós é uma escola que incorpora práticas educativas sensíveis aos cenários de aprendizagem dos alunos, principalmente dos alunos com maior necessidade de apoio pedagógico de forma corresponsável. A partir do referencial dos fundos identitários e da teoria da subjetividade de caráter histórico-cultural e com base na ideia de justiça social educativa, busca-se lidar com as desigualdades estruturais, as relações de poder e a perspectiva do déficit na educação como discurso dominante a partir de propostas holísticas e integrais. Nesse sentido, detalham-se duas experiências práticas que buscam reconhecer e dar voz a pedagogias que avançam em propostas de inclusão e redistribuição educativa nos espaços escolares</subfield>
   </datafield>
   <datafield ind1="8" ind2=" " tag="024">
      <subfield code="a">http://hdl.handle.net/10256/24608</subfield>
   </datafield>
   <datafield tag="653" ind2=" " ind1=" ">
      <subfield code="a">Educació inclusiva</subfield>
   </datafield>
   <datafield tag="653" ind2=" " ind1=" ">
      <subfield code="a">Justícia social</subfield>
   </datafield>
   <datafield tag="653" ind2=" " ind1=" ">
      <subfield code="a">Inclusive education</subfield>
   </datafield>
   <datafield tag="653" ind2=" " ind1=" ">
      <subfield code="a">Social justice</subfield>
   </datafield>
   <datafield tag="653" ind2=" " ind1=" ">
      <subfield code="a">Atenció a la diversitat</subfield>
   </datafield>
   <datafield ind2="0" ind1="0" tag="245">
      <subfield code="a">Prácticas educativas socialmente justas en la escuela: una educación para el bien común</subfield>
   </datafield>
   <datafield ind2="0" ind1="0" tag="245">
      <subfield code="a">Educational social justice practices in school: an education for the common good</subfield>
   </datafield>
   <datafield ind2="0" ind1="0" tag="245">
      <subfield code="a">Práticas educativas socialmente justas na escola: uma educação para o bem comum</subfield>
   </datafield>
</record></metadata></record></GetRecord></OAI-PMH>